000 00592nam a2200193Ia 4500
005 20250508164947.0
008 008 250505s9999 xx 000 0 hin d
037 _aDissertations
040 _aFEDL
_beng
_cFEDL
041 _ahin
_2eng
084 _a305, MIS/DI
_qFEDL
100 _aMishra Rishabh Kumar
_9392667
245 0 _aKishoravastha per mitrata ka prabhav; tanav aur samayojan se judi samasyaon ke sandarbh me
260 _c2010
300 _a121p.
546 _aM. Ed. Dissertation (Delhi University)
942 _cDIS
_h305, MIS/DI
999 _c1392295
_d1392295